000 00713nas a2200217 4500
001 BR4800174
003 BR-BrBNA
005 20231205081904.0
007 ta
008 230509b bl.|||p| |||| 00| 00por d
040 _aBR-BrBNA
_bpor
_cBiblioteca Nacional de Agricultura
041 _a(Pt)
072 _aH10
100 1 _aSchlotfeldt, C.S.
245 1 _aUma curiosidade historica sobre a sauva no Brasil. O seu julgamento, por um tribunal especial, no Maranhao, no inicio do seculo 18
650 _aSAUVA
650 _aPRAGA DE PLANTA
773 0 _tRevista Ceres (Brazil)
_xISSN 0034-737X
_g(Jun-Sep 1948), v. 7(42) p. 423-427
_wBR4800174
909 _a202311
_bLúcia
_c55
_dLúcia Elande
942 _2AGRIS
_n0
_cANA
999 _c87583
_d87583